000 00535nmm a2200169Ia 4500
008 251105s9999||||xx |||||||||||||||||und||
020 _a9788476589656
041 _aspa
100 _aSimmel, Georg
245 0 _aCultura líquida y dinero. Fragmentos simmelianos de la modernidad
264 _a[Madrid, España] :
_bAnthropos,
_c2010
300 _a144 páginas
490 _aAutores, textos y temas. Ciencias sociales
650 _aEconomics and Business
856 _uhttps://public.digitaliapublishing.com/a/15670
942 _cCF
999 _c85272
_d85272